| 000 | 00682nam a2200229 a 4500 | ||
|---|---|---|---|
| 008 | |||
| 020 | _a0750618833 (pbk.) | ||
| 049 | _aMAIN | ||
| 090 | _aHD66 | ||
| 100 | 1 | _aLeigh, Andrew. | |
| 245 | 1 | 0 |
_aAce teams : _bcreating star performance in business / _cAndrew Leigh and Michael Maynard. |
| 260 |
_aOxford : _bButterworth-Heinemann, _c1993. |
||
| 300 |
_a219 p. : _bill. ; _c24 cm. |
||
| 650 |
_aOrganizations _xmanagement. |
||
| 650 | _aTeams in the workplace. | ||
| 700 | 1 | _aMaynard, Michael. | |
| 907 |
_a.b10031261 _b15-07-03 _c17-04-03 |
||
| 003 | |||
| 005 | 20230123133251.0 | ||
| 040 | _cNUST | ||
| 942 |
_cBOOKS _kHD66 |
||
| 999 |
_c145646 _d145646 |
||